书目信息 |
| 题名: |
新编常用合同范本速查速用大全集
|
|
| 作者: | ;法宝网 主编 | |
| 分册: | ||
| 出版信息: | 北京 中国法制出版社 2014 |
|
| 页数: | 11, 532页 | |
| 开本: | 24cm | |
| 丛书名: | ||
| 单 册: | ||
| 中图分类: | D923.6 | |
| 科图分类: | ||
| 主题词: | 合同--he tong--范文--中国 | |
| 电子资源: | ||
| ISBN: | 978-7-5093-5165-9 | |
| 000 | 00945nam0 2200265 450 | |
| 001 | 340601 | |
| 005 | 20150625164427.51 | |
| 010 | @a978-7-5093-5165-9@dCNY78.00 | |
| 100 | @a20140402d2014 em y0chiy50 ea | |
| 101 | 0 | @achi |
| 102 | @aCN@b110000 | |
| 105 | @ay z 000yy | |
| 106 | @ar | |
| 200 | 1 | @a新编常用合同范本速查速用大全集@Axin bian chang yong he tong fan ben su cha su yong da quan ji@f法宝网主编 |
| 205 | @a第2版 | |
| 210 | @a北京@c中国法制出版社@d2014 | |
| 215 | @a11, 532页@d24cm | |
| 300 | @a实用百科速查速用 最新升级版 实用珍藏版 | |
| 330 | @a本书内容全面, 覆盖经济社会生活的各个领域, 涵盖了15大类常用合同, 分别是买卖合同、租赁合同、借款合同、担? 贤⑽泻贤⒊欣亢贤⒎窈贤取? | |
| 333 | @a中小企业管理人员、合同签订人员及相关读者。 | |
| 606 | 0 | @a合同@Ahe tong@x范文@y中国 |
| 690 | @aD923.6@v5 | |
| 711 | 02 | @a法宝网@Afa bao wang@4主编 |
| 801 | 0 | @aCN@b卓展宏图@c20150525 |
| 905 | @dD923.6@e1269=2@f3 | |
| 新编常用合同范本速查速用大全集/法宝网主编.-第2版.-北京:中国法制出版社,2014 |
| 11, 532页;24cm |
| 实用百科速查速用 最新升级版 实用珍藏版.-使用对象:中小企业管理人员、合同签订人员及相关读者。 |
| ISBN 978-7-5093-5165-9:CNY78.00 |
| 本书内容全面, 覆盖经济社会生活的各个领域, 涵盖了15大类常用合同, 分别是买卖合同、租赁合同、借款合同、担? 贤⑽泻贤⒊欣亢贤⒎窈贤取? |
| ● |
| 相关链接 |
|
|
|
|
正题名:新编常用合同范本速查速用大全集
索取号:D923.6/1269=2
 
预约/预借
| 序号 | 登录号 | 条形码 | 馆藏地/架位号 | 状态 | 备注 |
| 1 | 866277 | 208662776 | 第一样本阅览室/ [索取号:D923.6/1269=2] | 在馆 | |
| 2 | 866278 | 208662785 | 第一借阅区/ [索取号:D923.6/1269=2] | 在馆 | |
| 3 | 866279 | 208662794 | 密集书库-史法系/ [索取号:D923.6/1269=2] | 在馆 |